Overwatch League Season 2 Teams - Statistics

General Stats
  • This quiz has been taken 33 times
  • The average score is 17 of 20
Answer Stats
Country of origin Team name % Correct
France Paris Eternal
96%
South Korea Seoul Dynasty
96%
China Shanghai Dragons
96%
Canada Toronto Defiant
96%
USA Dallas Fuel
92%
USA Florida Mayhem
92%
United Kingdom London Spitfire
92%
USA Los Angeles Valiant
92%
China Chengdu Hunters
88%
USA Houston Outlaws
88%
USA New York Excelsior
88%
Canada Vancouver Titans
88%
USA Los Angeles Gladiators
85%
USA Philadelphia Fusion
85%
USA San Francisco Shock
85%
USA Atlanta Reign
81%
China Hangzhou Spark
81%
USA Boston Uprising
77%
China Guangzhou Charge
77%
USA Washington Justice
69%
No matching quizzes found
Score Distribution
Percent of People with Each Score
Percentile by Number Answered
Your Score History
You have not taken this quiz